000 00380nam a2200157Ia 4500
003 OSt
005 20260303103011.0
008 211028s2003 xx 000 0 und d
040 _cAIMIT LIBRARY
041 _aeng
100 _aMascarenhas, Francis Xavier;Jacob.
_g92162
_92206
110 _aJacob.
_92207
245 _aCamros /
260 _aMangalore
_c2003
942 _2ddc
_cPRO
999 _c216819
_d216819